Datapro/McGraw-Hill guide to CP/M software. (Record no. 148386)

MARC details
000 -LEADER
fixed length control field 00703nam a2200217 a 4500
003 - CONTROL NUMBER IDENTIFIER
control field OSt
005 - DATE AND TIME OF LATEST TRANSACTION
control field 20251113120136.0
008 - FIXED-LENGTH DATA ELEMENTS--GENERAL INFORMATION
fixed length control field
020 ## - INTERNATIONAL STANDARD BOOK NUMBER
International Standard Book Number 007015404X (Paperback)
040 ## - CATALOGING SOURCE
Transcribing agency NUST
Original cataloging agency NUST
Language of cataloging eng
Modifying agency NUST
Description conventions rda
050 ## - LIBRARY OF CONGRESS CALL NUMBER
Classification number QA76.76.O63 DAT
245 00 - TITLE STATEMENT
Title Datapro/McGraw-Hill guide to CP/M software.
Statement of responsibility, etc. [ ]
260 ## - PUBLICATION, DISTRIBUTION, ETC.
Place of publication, distribution, etc. Delran, N.J. :
Name of publisher, distributor, etc. Datapro Research Corp. ,
Date of publication, distribution, etc. ©1983.
300 ## - PHYSICAL DESCRIPTION
Extent xii, 241 pages ;
Dimensions 28 cm.
336 ## - CONTENT TYPE
Source rdacontent
Content type term text
Content type code txt
337 ## - MEDIA TYPE
Source rdamedia
Media type term unmediated
Media type code n
338 ## - CARRIER TYPE
Source rdacarrier
Carrier type term volume
Carrier type code nc
504 ## - BIBLIOGRAPHY, ETC. NOTE
Bibliography, etc. note [ ]
650 #0 - SUBJECT ADDED ENTRY--TOPICAL TERM
Topical term or geographic name entry element Computer software
General subdivision Purchasing.
942 ## - ADDED ENTRY ELEMENTS (KOHA)
Koha item type Ordinary Loan Books
Call number prefix QA
Source of classification or shelving scheme Library of Congress Classification
Classification part QA76.76.O63 DAT
Call number suffix DAT
Suppress in OPAC No
Holdings
Withdrawn status Lost status Source of classification or shelving scheme Damaged status Not for loan Collection Home library Current library Shelving location Date acquired Source of acquisition Cost, normal purchase price Total Checkouts Full call number Barcode Date last seen Accession number Cost, replacement price Price effective from Koha item type Public note
    LCC   1 NFIC MAIN MAIN GEN 11/13/2025 Book Aid International 80.00   QA76.76.O63 DAT 92003011265 01/23/2023 2419 80.00 11/13/2025 BOOKS Donation
    LCC   1 NFIC MAIN MAIN GEN 11/13/2025 Book Aid International 80.00   QA76.76.O63 DAT 92003008213 11/13/2025 2418 80.00 11/13/2025 BOOKS Donation